| 000 | 00512nam a22001697a 4500 | ||
|---|---|---|---|
| 999 |
_c8629 _d8629 |
||
| 008 | 201209b ||||| |||| 00| 0 eng d | ||
| 040 | _aBMS College of Architecture | ||
| 100 | _aSoni, Megha | ||
| 245 | _aDesert resort | ||
| 300 | _a27p. | ||
| 500 | _a1BM12AT039 | ||
| 502 |
_8B,Arch _NBMS College of Architecture, Visvesvaraya Technological University (VTU) _aProject report _d2016 |
||
| 650 | _aManvar desert resort | ||
| 700 |
_aMamatha P S _eGuide |
||
| 700 |
_aRema Vaidyanthan _eGuide |
||
| 942 |
_2ddc _cTHE |
||